Ankara 2003 (Record no. 1200)

MARC details
000 -BAŞLIK
Sabit Uzunlukta Kontrol Alanı 00531na a2200181 4500
001 - KONTROL NUMARASI
Denetim Alanı 13710
003 - KONTROL NUMARASI IDENTIFIER
Denetim Alanı MIRAKIL
005 - SON İŞLEM TARİHİ VE ZAMANI
Denetim Alanı 20181213154815.0
008 - SABİT-BOY VERİ ELEMANLARI - GENEL BİLGİLER
Sabit Uzunlukta Kontrol Alanı 161102b tu 000 0
040 ## - KATALOGLAMA KAYNAK
Orijinal Kataloglama Ajansı Milas
Kataloglama Dili tur
Metne Dönüştürmek Ajansı TR-AnCHP
082 ## - DEWEY ONLU SINIFLANDIRMA NUMARASI
Sınıflandırma Numarası 915.56511
Ürün Numarası A54 2003
090 ## - SINIFLAMA NUMARASI
Sınıflama Numarası 915.56511 A54 2003
245 ## - BAŞLIK TABLOSU
Başlık Ankara 2003
Sorumluluk Tablosu, Vb [hazırlayan] Elektronik İletişim Ajansı
260 ## - YAYIN, DAĞITIM, VB
Yayın, Dağıtım, Vb Yeri Ankara
Yayıncı, Dağıtıcı, Vs Adı Elektronik İletişim Ajansı
Yayın, Dağıtım, Vb Tarihi 2003
300 ## - FİZİKSEL TANIM
Kapsam 48 s.
Diğer Fiziksel Ayrıntıları fotğ.
Boyutlar 28 sm.
651 ## - KONU KATMA GİRİŞ - COĞRAFİ ADI
Coğrafi İsim Ankara
Genel Alt Bölümü Gezi ve tanıtım
Kronolojik Alt Bölümü Rehberler
942 ## - EKLENDİ GİRİŞ ELEMANLARI (KOHA)
Sınıflandırma Veya Raf Düzeni Kaynak Dewey Decimal Classification
Koha Öğesi Türü Books
999 ## - SİSTEM KONTROL NUMARALARI (KOHA)
Koha Biblionumber 1200
Koha Biblioitemnumber 1200
Holdings
Kalıcı Konum Mevcut Konum Edinme Tarihi Edinim Kaynak Toplam Check-Out'Lar Tam Çağrı Numarası Barkod Tarih Son Görülme İtibaren Geçerli Fiyatlar Koha Öğesi Türü
CHP Kütüphanesi CHP Kütüphanesi 08/16/2016 Bağış   915.56511 A54 2003 001530 08/16/2016 08/16/2016 Books